LEADER 02280nam 2200661 450 001 9910458173903321 005 20200520144314.0 010 $a1-282-86676-1 010 $a9786612866760 010 $a0-7735-7631-2 035 $a(CKB)2560000000055360 035 $a(OCoLC)698431332 035 $a(CaPaEBR)ebrary10424055 035 $a(SSID)ssj0000438009 035 $a(PQKBManifestationID)11268899 035 $a(PQKBTitleCode)TC0000438009 035 $a(PQKBWorkID)10449542 035 $a(PQKB)10122302 035 $a(CEL)432894 035 $a(CaBNvSL)slc00225574 035 $a(MiAaPQ)EBC3271095 035 $a(MiAaPQ)EBC3332138 035 $a(Au-PeEL)EBL3332138 035 $a(CaPaEBR)ebr10559089 035 $a(CaONFJC)MIL286676 035 $a(OCoLC)923235217 035 $a(EXLCZ)992560000000055360 100 $a20140308h20092009 uy 0 101 0 $aeng 135 $aurcn||||||||| 181 $ctxt 182 $cc 183 $acr 200 10$aImagining holiness $eclassic Hasidic tales in modern times /$fJustin Jaron Lewis 210 1$aMontre?al, Que?bec :$cMcGill-Queen's University Press,$d2009. 210 4$d©2009 215 $a1 online resource (364 p.) 225 0$aMcGill-Queen's studies in the history of religion 311 $a0-7735-3519-5 320 $aIncludes bibliographical references and index. 330 $aHasidic tales are often read as charming expressions of Jewish spirituality. This title offers a radical reappraisal of how we think of Hasidic tales, calling into question received notions of authenticity. It focuses on the neglected Hasidic literature of the early 20th century - primarily the work of Israel Berger and Abraham Hayim Michelson. 410 0$aMcGill-Queen's studies in the history of religion.$nSeries two ;$v52. 606 $aHasidim$vLegends 606 $aJewish legends 606 $aHasidism 608 $aElectronic books. 615 0$aHasidim 615 0$aJewish legends. 615 0$aHasidism. 676 $a296.8/332 700 $aLewis$b Justin Jaron$f1961-$0900464 801 0$bMiAaPQ 801 1$bMiAaPQ 801 2$bMiAaPQ 906 $aBOOK 912 $a9910458173903321 996 $aImagining holiness$92011644 997 $aUNINA LEADER 01778oam 2200553 450 001 9910715939203321 005 20210416090056.0 035 $a(CKB)5470000002516704 035 $a(OCoLC)761103926 035 $a(EXLCZ)995470000002516704 100 $a20111115j196811 ua 0 101 0 $aeng 135 $aur||||||||||| 181 $ctxt$2rdacontent 182 $cc$2rdamedia 183 $acr$2rdacarrier 200 10$aObservations on permeation of polytetrafluoroethylene by compounds of rhenium, molybdenum, and tungsten /$fby Harold Leibecki 210 1$aWashington, D.C. :$cNational Aeronautics and Space Administration,$dNovember 1968. 215 $a1 online resource (ii, 13 pages) $cillustrations 225 1 $aNASA/TN ;$vD-4886 300 $a"November 1968." 320 $aIncludes bibliographical references (page 6). 606 $aTungsten compounds$2nasat 606 $aRhenium$2nasat 606 $aMolybdenum compounds$2nasat 606 $aChromium group$2fast 606 $aMolybdenum$2fast 606 $aRhenium$2fast 606 $aSolvents$2fast 606 $aTungsten$2fast 615 7$aTungsten compounds. 615 7$aRhenium. 615 7$aMolybdenum compounds. 615 7$aChromium group. 615 7$aMolybdenum. 615 7$aRhenium. 615 7$aSolvents. 615 7$aTungsten. 700 $aLeibecki$b Harold F.$01419385 712 02$aUnited States.$bNational Aeronautics and Space Administration, 801 0$bOCLCE 801 1$bOCLCE 801 2$bOCLCQ 801 2$bOCLCF 801 2$bGPO 906 $aBOOK 912 $a9910715939203321 996 $aObservations on permeation of polytetrafluoroethylene by compounds of rhenium, molybdenum, and tungsten$93533657 997 $aUNINA LEADER 02271nam0 22004693i 450 001 CFI0079765 005 20251003044119.0 010 $a8879100726 100 $a20110531d1984 ||||0itac50 ba 101 | $aita 102 $ait 181 1$6z01$ai $bxxxe 182 1$6z01$an 200 1 $aˆLa ‰composizione dei conflitti di lavoro$fMassimo Roccella 210 $aRoma$cLavoro$d[1984] 215 $a173 p.$d21 cm. 225 | $aStudi e ricerche$v44 410 0$1001CFI0002853$12001 $aStudi e ricerche$v44 606 $aRelazioni industriali$2FIR$3CFIC013160$9E 606 $aControversie di lavoro$2FIR$3CFIC032789$9I 676 $a331.8$9SINDACATI, CONTRATTAZIONE E CONTROVERSIE COLLETTIVE$v23 676 $a331.89$9CONTRATTAZIONE COLLETTIVA E VERTENZE SINDACALI$v19 676 $a331.890 945$9ECONOMIA DEL LAVORO. Sindacati, contrattazione e controversie collettive. Italia$v20 676 $a344.45$9$v20 676 $a344.45$9DIRITTO DEL LAVORO, IN MATERIA DI SERVIZIO SOCIALE, DI EDUCAZIONE, DI CULTURA. ITALIA$v21 686 $a414.2$cM0VIMENTI E ORGANIZZAZIONI SINDACALI 1968-1989$2R 686 $a430.6$cLAVORO 1968-1989$2R 686 $aIT/4432.6$cRELAZIONI INDUSTRIALI ITALIA 1968-1989$2R 686 $aIT/4436.0$cLAVORO SINDACATI DEI LAVORATORI ITALIA 1968-1989$2R 686 $aIT/4436.8$cORGANIZZAZIONI SINDACALI E ALTRE ITALIA 1968-1989$2R 686 $aIT/4438.0$cCLASSI E CETI SOCIALI CONFLITTUALITA SOCIALE ITALIA 1968-1989$2R 696 $aControversie in materia di lavoro 699 $aControversie di lavoro$yControversie in materia di lavoro 700 1$aRoccella$b, Massimo$3CFIV030182$4070$0127469 801 3$aIT$bIT-000000$c20110531 850 $aIT-BN0095 901 $bNAP 01$cPOZZO LIB.$nVi sono collocati fondi di economia, periodici di ingegneria e scienze, periodici di economia e statistica e altri fondi comprendenti documenti di economia pervenuti in dono. 912 $aCFI0079765 950 0$aBiblioteca Centralizzata di Ateneo$c1 v.$d 01POZZO LIB.F. SANTI 312$e 0101 0060032135E VMA 1 v. (Precedente collocazione S 309)$fB $h20221107$i20221107 977 $a 01 996 $aComposizione dei conflitti di lavoro$9760700 997 $aUNISANNIO